| Tag |
First Indicator |
Second Indicator |
Subfields |
| LEADER |
00000cam a22000001a 4500 |
| 001 |
in00003198721 |
| 005 |
20190404174705.0 |
| 006 |
m d f |
| 007 |
cr bn mmmapmmp |
| 008 |
090922s1975 dcu o f000 0 eng d |
| 035 |
|
|
|a cis2007440439
|
| 040 |
|
|
|a UMI
|c UMI
|d UtOrBLW
|
| 043 |
|
|
|a n-us---
|
| 086 |
0 |
|
|a Y 4.R 86/2:Se 5/3
|
| 099 |
|
|
|a HRG-1975-RAS-0006
|
| 110 |
1 |
|
|a United States.
|b Congress.
|b Senate.
|b Committee on Rules and Administration.
|
| 245 |
1 |
0 |
|a Committee-related Senate employees :
|b hearings before the Committee on Rules and Administration, United States Senate, Ninety-fourth Congress, first session on S. Res. 60 and S. Res. 110 ... April 30, and May 20, 1975.
|
| 264 |
|
1 |
|a Washington :
|b U.S. Govt. Print. Off,
|c 1975.
|
| 300 |
|
|
|a 1 online resource.
|
| 336 |
|
|
|a text
|b txt
|2 rdacontent
|
| 337 |
|
|
|a computer
|b c
|2 rdamedia
|
| 338 |
|
|
|a online resource
|b cr
|2 rdacarrier
|
| 538 |
|
|
|a System requirements: PDF reader software.
|
| 500 |
|
|
|a Electronic resource.
|
| 610 |
1 |
0 |
|a United States.
|b Congress.
|b Senate
|x Officials and employees.
|
| 610 |
1 |
0 |
|a United States.
|b Congress.
|b Senate
|x Committees.
|
| 655 |
|
7 |
|a Electronic books.
|2 local
|
| 710 |
2 |
|
|a ProQuest (Firm)
|
| 776 |
0 |
8 |
|i Print version:
|a United States. Congress. Senate. Committee on Rules and Administration.
|t Committee-related Senate employees
|w (DLC)75601949
|
| 776 |
0 |
8 |
|i Microfiche version:
|a United States. Congress. Senate. Committee on Rules and Administration.
|t Committee-related Senate employees.
|d [Bethesda, Md.] : ProQuest,[2004]
|o CIS 75 S681-5
|w (ProQuest)cis07501732
|
| 830 |
|
0 |
|a U.S. Congressional Hearings.
|
| 856 |
4 |
0 |
|u http://proxy.library.tamu.edu/login?url=http://congressional.proquest.com/congcomp/getdoc?HEARING-ID=HRG-1975-RAS-0006
|z Connect to the full text of this electronic book
|t 0
|
| 998 |
|
|
|a cis07501732
|
| 999 |
|
|
|a MARS
|
| 999 |
f |
f |
|s cb107475-b08d-3d0f-b5db-c7e73d157809
|i dceed11b-fa51-374e-9221-b8eb5a7491b6
|t 0
|
| 952 |
f |
f |
|a Texas A&M University
|b College Station
|c Electronic Resources
|d Available Online
|t 0
|e HRG-1975-RAS-0006
|h Other scheme
|
| 998 |
f |
f |
|a HRG-1975-RAS-0006
|t 0
|l Available Online
|